Teaching and researching writing (Record no. 1395084)
[ view plain ]
| 000 -LEADER | |
|---|---|
| fixed length control field | 00657nam a2200241Ia 4500 |
| 005 - DATE AND TIME OF LATEST TRANSACTION | |
| control field | 20250508165432.0 |
| 008 - FIXED-LENGTH DATA ELEMENTS--GENERAL INFORMATION | |
| fixed length control field | 008 250505s9999 xx 000 0 eng d |
| 020 ## - INTERNATIONAL STANDARD BOOK NUMBER | |
| International Standard Book Number | 978-1-4082-0505-1 |
| 037 ## - SOURCE OF ACQUISITION | |
| Stock number | TextBook |
| 040 ## - CATALOGING SOURCE | |
| Original cataloging agency | FEDL |
| Language of cataloging | eng |
| Transcribing agency | FEDL |
| 041 ## - LANGUAGE CODE | |
| Language code of text/sound track or separate title | eng |
| Source of code | eng |
| 084 ## - COLON CLASSIFICATION NUMBER | |
| Classification number | 808.042, HYL/R |
| Assigning agency | FEDL |
| 100 ## - MAIN ENTRY--PERSONAL NAME | |
| Personal name | Hyland Ken |
| 245 #0 - TITLE STATEMENT | |
| Title | Teaching and researching writing |
| 250 ## - EDITION STATEMENT | |
| Edition statement | 2 |
| 260 ## - PUBLICATION, DISTRIBUTION, ETC. | |
| Place of publication, distribution, etc. | London, UK |
| Name of publisher, distributor, etc. | Routledge |
| Date of publication, distribution, etc. | 2009 |
| 300 ## - PHYSICAL DESCRIPTION | |
| Extent | xi, 263p. |
| 365 ## - TRADE PRICE | |
| Price type code | INR |
| Price amount | 795 |
| 490 ## - SERIES STATEMENT | |
| Series statement | Applied Linguistics in Action |
| 546 ## - LANGUAGE NOTE | |
| Language note | First Indian reprint, 2014 |
| 942 ## - ADDED ENTRY ELEMENTS (KOHA) | |
| Koha item type | Textbook |
| Classification part | 808.042, HYL/R |
| Withdrawn status | Lost status | Damaged status | Not for loan | Home library | Current library | Date acquired | Cost, normal purchase price | Total Checkouts | Full call number | Barcode | Date last seen | Price effective from | Koha item type |
|---|---|---|---|---|---|---|---|---|---|---|---|---|---|
| Department of Education Library | Department of Education Library | 2025-05-08 | 795.00 | 808.042, HYL/R | EL0088722 | 2025-05-08 | 2025-05-08 | Textbook |
